00573nam a22001817a 450000500170000001000150001702000260003203500130005803700130007108200140008424501110009826000370020927000530024630000250029950000190032470000220034370000260036520140911112103.0 aENG-110808 a9788171327515c700.00 aEN-94340 bDBAD/PUB a577.30954 aForest biodiversity :cedited by Arvind Bijalwan [and] Chandra Prakash Kalabconservation and management / aJaipurbPointer Publishersc2013 a807, Vyas Building, Chaura RastabJaipure302003 axiii,186p.c22cm(Hb) aIncludes index aBijalwan, Arvind  aKala, Chandra Prakash